[Event "Kreis-Mitte-EM"]
[Site "Zirndorf"]
[Date "2015.01.03"]
[Round "2.11"]
[White "Pörzgen, Michael"]
[Black "Babichev, Vyacheslav"]
[Result "1/2-1/2"]
[WhiteElo "1606"]
[BlackElo "1699"]
[PlyCount "139"]
[EventDate "2015.??.??"]
[WhiteTeam "SW Nürnberg Süd"]
[BlackTeam "SW Nürnberg Süd"]

1. e4 g6 2. Nf3 Bg7 3. Bc4 d6 4. d4 Nf6 5. Nc3 O-O 6. O-O Nc6 7. h3 a6 8. a4
Na5 9. Ba2 b6 10. Re1 Bd7 11. e5 Ne8 12. e6 fxe6 13. Rxe6 Bxe6 14. Bxe6+ Kh8
15. Ng5 Nf6 16. Nd5 c6 17. Nxf6 exf6 18. Nf7+ Rxf7 19. Bxf7 Qe7 20. Ba2 d5 21.
Bd2 Nb7 22. Qf1 Qe4 23. c3 Qc2 24. Qc1 Qf5 25. Bb1 Qd7 26. Bd3 Na5 27. Qc2 Nc4
28. Bxc4 dxc4 29. Re1 Re8 30. Qd1 Bf8 31. Rxe8 Qxe8 32. Be3 Bd6 33. b3 Qf7 34.
b4 f5 35. d5 c5 36. bxc5 bxc5 37. Bh6 Qe7 38. Qd2 Kg8 39. Kf1 Kf7 40. Bf4 Qd7
41. Bxd6 Qxd6 42. f4 a5 43. g3 g5 44. Kf2 gxf4 45. gxf4 h6 46. Kf3 h5 47. Kg3
Kg6 48. Qg2 Kh7 49. Qf3 Qg6+ 50. Kf2 Kh6 51. Qe3 Qd6 52. Qe5 Qd7 53. Qf6+ Kh7
54. Qc6 Qg7 55. Qe6 Qf8 56. d6 Qb8 57. Qxf5+ Kg7 58. Qg5+ Kf7 59. Qxh5+ Ke6 60.
Qe5+ Kf7 61. Qf5+ Kg7 62. Kg3 Qb2 63. Qe5+ Kf7 64. d7 Qd2 65. Qe8+ Kg7 66. Qe7+
Kh6 67. Qf6+ Kh7 68. d8=Q Qg2+ 69. Kh4 Qg4+ 70. hxg4 1/2-1/2

[Event "Kreis-Mitte-EM"]
[Site "Zirndorf"]
[Date "2015.01.03"]
[Round "2.13"]
[White "Dreiseitel, Werner"]
[Black "Mantel, Hubert"]
[Result "0-1"]
[WhiteElo "1455"]
[BlackElo "1669"]
[PlyCount "78"]
[EventDate "2015.??.??"]
[WhiteTeam "SC N-T Nürnberg"]
[BlackTeam "Zabo-Eintracht N."]

1. d4 e6 2. c4 d5 3. Nc3 f5 4. Bf4 c6 5. e3 Nf6 6. h3 Be7 7. Be2 O-O 8. Qc2 Ne4
9. Nf3 Nd7 10. O-O g5 11. Bh2 Qe8 12. Nxe4 fxe4 13. Nd2 Qg6 14. f3 Nf6 15. fxe4
g4 16. hxg4 Nxg4 17. Rxf8+ Bxf8 18. Bxg4 Qxg4 19. exd5 exd5 20. cxd5 cxd5 21.
Bf4 Bf5 22. Qb3 Rd8 23. Qxb7 Rd7 24. Qc6 Qe2 25. Qc1 Rg7 26. g3 Bh3 27. Qf1
Bxf1 28. Nxf1 Qxb2 29. Rd1 Qxa2 30. Rd2 Qb1 31. Rh2 Bb4 32. Rh5 Qe4 33. Re5 Qf3
34. Re8+ Kf7 35. Rb8 Be1 36. Rb2 Bxg3 37. Rb7+ Kf6 38. Rxg7 Qf2+ 39. Kh1 Qxf1#
0-1

[Event "Kreis-Mitte-EM"]
[Site "Zirndorf"]
[Date "2015.01.03"]
[Round "2.14"]
[White "Münzenberg, Dietrich"]
[Black "Mantel, Hans"]
[Result "1-0"]
[WhiteElo "1668"]
[BlackElo "1503"]
[PlyCount "56"]
[EventDate "2015.??.??"]
[WhiteTeam "Zabo-Eintracht N."]
[BlackTeam "Zabo-Eintracht N."]

1. d4 d5 2. Bg5 f6 3. Bh4 Bf5 4. f3 c6 5. a3 g5 6. Bf2 e6 7. Nd2 Nd7 8. e4 Bg6
9. Bd3 Bd6 10. Ne2 Ne7 11. c3 h6 12. Qc2 Qc7 13. g3 h5 14. h4 gxh4 15. Rxh4
O-O-O 16. O-O-O Rdg8 17. f4 e5 18. f5 Bf7 19. Kb1 Rg4 20. Rdh1 Rhg8 21. Qa4
exd4 22. Qxa7 dxc3 23. bxc3 Qb8 24. Qa5 Qc7 25. Qa7 Qb8 26. Qxb8+ Kxb8 27. Ka2
dxe4+ 28. Bc4 Bxc4+ 1-0

[Event "Kreis-Mitte-EM"]
[Site "Zirndorf"]
[Date "2015.01.03"]
[Round "2.15"]
[White "Dreiseitel, Ursula"]
[Black "Nüßlein, Christian"]
[Result "1/2-1/2"]
[WhiteElo "1356"]
[BlackElo "1661"]
[PlyCount "90"]
[EventDate "2015.??.??"]
[WhiteTeam "SC N-T Nürnberg"]
[BlackTeam "SGem Nürnberg 1978"]

1. d4 e6 2. Nf3 d5 3. Bf4 Bd6 4. Bxd6 Qxd6 5. e3 Qb4+ 6. Nbd2 Qxb2 7. Nb3 Qc3+
8. Nfd2 b6 9. Bd3 Ba6 10. Bxa6 Nxa6 11. a3 Nb8 12. O-O Nf6 13. Qb1 O-O 14. Rd1
Nbd7 15. Nf3 Ne4 16. Rd3 Qc6 17. a4 Qd6 18. a5 c5 19. dxc5 bxc5 20. c4 Rab8 21.
Qd1 Ndf6 22. Rc1 Rfc8 23. cxd5 c4 24. Rd4 cxb3 25. Rxc8+ Rxc8 26. dxe6 Qxe6 27.
Rd8+ Rxd8 28. Qxd8+ Qe8 29. Qd4 Qd7 30. Qb4 Qd1+ 31. Ne1 h6 32. f3 Nd2 33. Kf2
Qc1 34. Qb8+ Kh7 35. Qb5 Qb1 36. Nd3 Qf1+ 37. Kg3 g6 38. Qb7 Kg7 39. Ne5 Nfe4+
40. fxe4 Nxe4+ 41. Qxe4 b2 42. Qd4 b1=Q 43. Nd7+ Kg8 44. Nf6+ Kg7 45. Nd7+ Kg8
1/2-1/2

[Event "Kreis-Mitte-EM"]
[Site "Zirndorf"]
[Date "2015.01.03"]
[Round "3.1"]
[White "Strobel, Norbert"]
[Black "Thürauf, Peter"]
[Result "1-0"]
[WhiteElo "1948"]
[BlackElo "1761"]
[PlyCount "41"]
[EventDate "2015.??.??"]
[WhiteTeam "SK Zirndorf"]
[BlackTeam "SW Nürnberg Süd"]

1. d4 d5 2. Nf3 Nf6 3. c4 e6 4. Nc3 c6 5. Bg5 Be7 6. e3 O-O 7. Bd3 Nbd7 8. O-O
dxc4 9. Bxc4 Nd5 10. Bxe7 Qxe7 11. Rc1 Nxc3 12. Rxc3 e5 13. d5 cxd5 14. Qxd5 e4
15. Nd4 Nb6 16. Qa5 Bd7 17. Bb3 Qd6 18. Nf5 Qf6 19. Ng3 Rfe8 20. Rc7 Rac8 21.
Rxb7 1-0

[Event "Kreis-Mitte-EM"]
[Site "Zirndorf"]
[Date "2015.01.03"]
[Round "3.2"]
[White "Diebel, Günter"]
[Black "Wirth, Karl-Heinz"]
[Result "0-1"]
[WhiteElo "1690"]
[BlackElo "1788"]
[PlyCount "56"]
[EventDate "2015.??.??"]
[WhiteTeam "SW Nürnberg Süd"]
[BlackTeam "SC Mühlhof-R'dorf"]

1. e4 e5 2. Nf3 f5 3. Nc3 fxe4 4. Nxe4 d5 5. Nc3 e4 6. Nd4 Nf6 7. d3 c5 8. Nb3
exd3 9. Qxd3 c4 10. Qe2+ Be7 11. Nd4 O-O 12. Be3 Nc6 13. O-O-O Bb4 14. Nxc6
bxc6 15. Bd4 Bf5 16. f3 Qc7 17. g4 Rae8 18. Qf2 Bg6 19. h4 Nxg4 20. Qg1 Qf4+
21. Kb1 Qxf3 22. Bg2 Qf5 23. h5 Qxc2+ 24. Ka1 Rf2 25. Bxf2 Bxc3 26. Rb1 Nxf2
27. bxc3 Qxc3+ 28. Rb2 Nxh1 0-1

[Event "Kreis-Mitte-EM"]
[Site "Zirndorf"]
[Date "2015.01.03"]
[Round "3.3"]
[White "Süß, Stefan"]
[Black "Ratscheu, Stefan"]
[Result "1-0"]
[WhiteElo "2004"]
[BlackElo "1635"]
[PlyCount "75"]
[EventDate "2015.??.??"]
[WhiteTeam "SC N-T Nürnberg"]
[BlackTeam "SC Postbauer-Heng"]

1. e4 e5 2. Nf3 Nc6 3. Bc4 Nf6 4. d3 Be7 5. Nbd2 O-O 6. c3 d5 7. Bb3 dxe4 8.
dxe4 Bg4 9. h3 Bh5 10. Qe2 a6 11. O-O Qd7 12. Bc2 h6 13. Nc4 b5 14. Ne3 Bg6 15.
Rd1 Bd6 16. Nd5 Nxd5 17. Rxd5 Rae8 18. a4 Qe6 19. axb5 Ne7 20. Rd1 axb5 21.
Qxb5 Rb8 22. Qe2 f5 23. Nh4 Bh7 24. exf5 Nxf5 25. Qg4 Qf6 26. Nxf5 Bxf5 27.
Bxf5 Qxf5 28. Qxf5 Rxf5 29. b4 Kf7 30. Be3 Ke6 31. Ra6 Ke7 32. Ra5 g5 33. Kf1
Rb7 34. Ke2 Rf6 35. Kd3 c6 36. Kc4 Bc7 37. Ra8 Rb8 38. Ra7 1-0

[Event "Kreis-Mitte-EM"]
[Site "Zirndorf"]
[Date "2015.01.03"]
[Round "3.4"]
[White "Mantel, Ruben"]
[Black "Luther, Helmut"]
[Result "0-1"]
[WhiteElo "1749"]
[BlackElo "1949"]
[PlyCount "56"]
[EventDate "2015.??.??"]
[WhiteTeam "Zabo-Eintracht N."]
[BlackTeam "SW Nürnberg Süd"]

1. e4 d5 2. exd5 Qxd5 3. Nc3 Qa5 4. d4 Nf6 5. Bd3 c6 6. Bf4 g6 7. Nge2 Bg7 8.
Qd2 Nd5 9. Bh6 O-O 10. h4 Nxc3 11. Bxg7 Kxg7 12. bxc3 h5 13. Nf4 Nd7 14. g4 Nf6
15. gxh5 Nxh5 16. Nxh5+ Qxh5 17. Be2 Bg4 18. Bxg4 Qxg4 19. Qe2 Qxe2+ 20. Kxe2
Rh8 21. Kd3 Rh5 22. Rab1 b6 23. Rbe1 e6 24. f4 Rah8 25. Re5 Rxh4 26. Rf1 Rh2
27. a4 R8h3+ 28. Kc4 Rxc2 0-1

[Event "Kreis-Mitte-EM"]
[Site "Zirndorf"]
[Date "2015.01.03"]
[Round "3.5"]
[White "Schanz, Karlheinz"]
[Black "Leis, Stefan"]
[Result "1/2-1/2"]
[WhiteElo "1755"]
[BlackElo "1904"]
[PlyCount "187"]
[EventDate "2015.??.??"]
[WhiteTeam "SC Mühlhof-R'dorf"]
[BlackTeam "SC Mühlhof-R'dorf"]

1. e4 c5 2. f4 Nc6 3. Nf3 e6 4. g3 g6 5. Bg2 Bg7 6. O-O Nge7 7. c3 O-O 8. Qc2
d5 9. d3 b6 10. Nbd2 Bb7 11. Re1 Qd7 12. Nf1 Rac8 13. Bd2 a5 14. Rad1 Rfd8 15.
Bc1 Qc7 16. Ng5 Rd7 17. Rd2 Rcd8 18. Rf2 h6 19. Nh3 dxe4 20. dxe4 Ba6 21. Be3
Bc4 22. Qb1 a4 23. Nd2 Bd3 24. Qc1 Kh7 25. Kh1 Qa7 26. a3 Na5 27. Bf3 Qc7 28.
Rg2 b5 29. Nf2 Bc4 30. Qc2 Bb3 31. Nxb3 axb3 32. Qc1 Nc4 33. Ng4 Rd3 34. Be2
R3d7 35. Bxc4 bxc4 36. Nf2 Qc6 37. g4 f5 38. gxf5 gxf5 39. Reg1 Rg8 40. Qf1 Bf8
41. Rxg8 Nxg8 42. Qxc4 Nf6 43. h3 Nxe4 44. Nxe4 Qxe4+ 45. Qxe4 fxe4 46. Kg2 Kg7
47. Kf2+ Kf7 48. Ke2 Ke8 49. h4 Rd5 50. Bf2 Rd7 51. Rg8 Kf7 52. Rg1 Ke8 53. Be3
Rd5 54. a4 Rd7 55. a5 Ra7 56. Ra1 Kd7 57. Ra4 Kc6 58. Rxe4 Rxa5 59. Rxe6+ Kd5
60. Re5+ Kd6 61. Re8 Bg7 62. Kd3 Ra2 63. Bc1 Ra1 64. Re1 Kd5 65. Bd2 Ra2 66.
c4+ Kd6 67. Bc3 Bd4 68. Re2 Ra1 69. Bxd4 cxd4 70. Kxd4 Rf1 71. c5+ Kd7 72. Re4
Rf2 73. Kc3 Rc2+ 74. Kxb3 Rxc5 75. Re5 Rc6 76. Kb4 Rc2 77. b3 Rf2 78. Re4 Rh2
79. Kc5 Rxh4 80. Kd5 Rh3 81. b4 h5 82. f5 h4 83. Ke5 Ke7 84. Kf4+ Kf7 85. Kg4
Rh1 86. b5 Rb1 87. Re5 Rb4+ 88. Kh3 Kf6 89. Rc5 Kf7 90. b6 Rxb6 91. Kxh4 Rb1
92. Kg5 Rg1+ 93. Kf4 Rf1+ 94. Ke4 1/2-1/2

[Event "Kreis-Mitte-EM"]
[Site "Zirndorf"]
[Date "2015.01.03"]
[Round "3.6"]
[White "Rausch, Wolfgang sr"]
[Black "Drees, Martin"]
[Result "1-0"]
[WhiteElo "1886"]
[BlackElo "1752"]
[PlyCount "125"]
[EventDate "2015.??.??"]
[WhiteTeam "SW Nürnberg Süd"]
[BlackTeam "TSV Cadolzburg"]

1. c4 e5 2. Nc3 Nf6 3. Nf3 Nc6 4. d4 exd4 5. Nxd4 Bc5 6. Nxc6 bxc6 7. e3 O-O 8.
Be2 d5 9. O-O Bf5 10. cxd5 cxd5 11. b3 c6 12. Bb2 Bb6 13. Rc1 Qd6 14. Bf3 Bc7
15. g3 Bh3 16. Re1 Rad8 17. Na4 Ba5 18. Re2 Bf5 19. Qd4 Rd7 20. Nc5 Bb6 21. b4
Bxc5 22. Rxc5 Re8 23. Rd2 Be4 24. Bxe4 Rxe4 25. Qc3 Rc7 26. Rdxd5 cxd5 27. Rxc7
h6 28. a3 Qe6 29. Qc2 Rc4 30. Rxc4 dxc4 31. Bd4 a6 32. Kg2 Qc6+ 33. f3 Qe6 34.
e4 Qc6 35. Bc5 Qe6 36. Bd4 Qc6 37. Bxf6 Qxf6 38. a4 Qc6 39. Qc3 f6 40. Kf2 Kh7
41. a5 Qc8 42. Ke3 Qc7 43. Kd4 Qe5+ 44. Kxc4 Qb5+ 45. Kd4 Qe2 46. Qd3 Qb2+ 47.
Kc5 Qf2+ 48. Kc6 Qxh2 49. Qxa6 Qxg3 50. Qd3 Qe5 51. a6 Qe8+ 52. Kb6 Qb8+ 53.
Ka5 Qc7+ 54. Ka4 Kh8 55. Qd5 Qc2+ 56. Kb5 Qe2+ 57. Kb6 Qb2 58. b5 Qf2+ 59. Kb7
Qxf3 60. a7 h5 61. a8=Q+ Kh7 62. Qc8 Qa3 63. Qxh5# 1-0

[Event "Kreis-Mitte-EM"]
[Site "Zirndorf"]
[Date "2015.01.03"]
[Round "3.7"]
[White "Mantel, Hubert"]
[Black "Rummel, Gerald"]
[Result "1/2-1/2"]
[WhiteElo "1669"]
[BlackElo "1826"]
[PlyCount "89"]
[EventDate "2015.??.??"]
[WhiteTeam "Zabo-Eintracht N."]
[BlackTeam "SC Anderssen Nbg."]

1. e4 e6 2. d4 d5 3. Nd2 Nf6 4. e5 Nfd7 5. Bd3 c5 6. c3 Nc6 7. Ne2 Qb6 8. Nf3
cxd4 9. cxd4 f6 10. exf6 Nxf6 11. O-O Bd6 12. a3 O-O 13. Qc2 e5 14. dxe5 Nxe5
15. Nxe5 Bxe5 16. Rb1 Bd7 17. Be3 d4 18. Qc4+ Be6 19. Bxd4 Bxc4 20. Bxc4+ Kh8
21. Bxb6 axb6 22. f3 Rac8 23. Bb3 Rfd8 24. Rfd1 Rxd1+ 25. Bxd1 Rd8 26. f4 Bxb2
27. Rxb2 Rxd1+ 28. Kf2 Nd5 29. Rc2 h6 30. Nc3 Nxc3 31. Rxc3 Rd2+ 32. Kf3 Rb2
33. h3 b5 34. g3 b4 35. axb4 Rxb4 36. Rc8+ Kh7 37. h4 h5 38. Rc3 b5 39. g4
hxg4+ 40. Kxg4 Rc4 41. Rb3 b4 42. h5 Kh6 43. Rb2 g5 44. hxg6 Kxg6 45. Rb3
1/2-1/2

[Event "Kreis-Mitte-EM"]
[Site "Zirndorf"]
[Date "2015.01.03"]
[Round "3.8"]
[White "Siegl, Adrian"]
[Black "Münzenberg, Dietrich"]
[Result "1-0"]
[WhiteElo "1814"]
[BlackElo "1668"]
[PlyCount "115"]
[EventDate "2015.??.??"]
[WhiteTeam "SW Nürnberg Süd"]
[BlackTeam "Zabo-Eintracht N."]

1. e4 c6 2. d4 d5 3. Nc3 dxe4 4. Nxe4 Nd7 5. Nf3 Ngf6 6. Ng3 e6 7. Bd3 Bd6 8.
O-O O-O 9. Re1 Qc7 10. Qe2 Bf4 11. Bxf4 Qxf4 12. Rad1 Nb6 13. Ne4 Nbd5 14. Ne5
Nxe4 15. Bxe4 Nf6 16. Bd3 Rd8 17. g3 Qh6 18. c4 Bd7 19. c5 Be8 20. f4 g6 21.
Bc2 b6 22. Bb3 Nd5 23. Bxd5 Rxd5 24. b4 b5 25. Rd2 Qf8 26. Qe3 Qe7 27. Ng4 Rad8
28. Red1 Kg7 29. Nf2 f5 30. Nh3 h6 31. Kg2 Bf7 32. Ng1 g5 33. fxg5 hxg5 34. Nh3
Kg6 35. Nf2 Qf6 36. g4 Re8 37. Rf1 f4 38. Qd3+ Kg7 39. Ne4 Qh6 40. Nd6 Rh8 41.
h3 Bg6 42. Qa3 Kf6 43. Re1 Rh7 44. Rde2 Re7 45. Nc8 Re8 46. Qxa7 f3+ 47. Kxf3
Qxh3+ 48. Kf2 Qxg4 49. Nd6 Qh4+ 50. Kg2 Qg4+ 51. Kf2 Re7 52. Qb8 Rxd4 53. Qh8+
Rg7 54. Rxe6+ Qxe6 55. Rxe6+ Kxe6 56. Qxg7 Rf4+ 57. Ke3 Rf7 58. Qxg6+ 1-0

[Event "Kreis-Mitte-EM"]
[Site "Zirndorf"]
[Date "2015.01.03"]
[Round "3.9"]
[White "Weißmann, Peter"]
[Black "Knab, Reinhard"]
[Result "1/2-1/2"]
[WhiteElo "1656"]
[BlackElo "1790"]
[PlyCount "41"]
[EventDate "2015.??.??"]
[WhiteTeam "SK Zirndorf"]
[BlackTeam "Zabo-Eintracht N."]

1. e4 e5 2. d4 Nc6 3. dxe5 Nxe5 4. f4 Nc6 5. Bc4 Bc5 6. Bxf7+ Kf8 7. Bxg8 Rxg8
8. Nf3 d6 9. Qe2 Bg4 10. c3 Qe7 11. b4 Bb6 12. Rf1 Ke8 13. Nbd2 a6 14. h3 Bxf3
15. Nxf3 Kd7 16. Bb2 Rae8 17. Nd2 Qh4+ 18. Kd1 Rgf8 19. Qg4+ Qxg4+ 20. hxg4 Be3
21. g3 1/2-1/2

[Event "Kreis-Mitte-EM"]
[Site "Zirndorf"]
[Date "2015.01.03"]
[Round "3.10"]
[White "Albayrak, Aylin"]
[Black "Schöne, Steffen"]
[Result "0-1"]
[WhiteElo "1499"]
[BlackElo "1748"]
[PlyCount "78"]
[EventDate "2015.??.??"]
[WhiteTeam "Zabo-Eintracht N."]
[BlackTeam "Zabo-Eintracht N."]

1. d4 Nf6 2. c4 g6 3. Nc3 Bg7 4. e4 d6 5. Nf3 O-O 6. Be2 Nbd7 7. O-O e5 8. d5
a5 9. h3 Nc5 10. Qc2 Ne8 11. Be3 f5 12. Bxc5 dxc5 13. Rab1 Nd6 14. Nd2 fxe4 15.
Ncxe4 Bf5 16. Bd3 b6 17. Ng3 Bxd3 18. Qxd3 Qh4 19. b3 Rae8 20. Nde4 Rf4 21.
Rbe1 Ref8 22. Nxd6 cxd6 23. Ne4 Qe7 24. Qg3 Bh6 25. f3 R4f5 26. Qg4 Kh8 27. g3
R8f7 28. f4 Qf8 29. Kg2 exf4 30. gxf4 Rxf4 31. Rxf4 Bxf4 32. Qe6 Be5 33. Re2
Rf1 34. Qg4 Bd4 35. Ng3 Rf2+ 36. Kh1 h5 37. Qe4 Be5 38. Qxg6 Qf3+ 39. Kg1 Qg2#
0-1

[Event "Kreis-Mitte-EM"]
[Site "Zirndorf"]
[Date "2015.01.03"]
[Round "3.11"]
[White "Walch, Roger"]
[Black "Hahn, Thomas"]
[Result "1-0"]
[WhiteElo "1686"]
[BlackElo "1661"]
[PlyCount "113"]
[EventDate "2015.??.??"]
[WhiteTeam "SW Nürnberg Süd"]
[BlackTeam "Zabo-Eintracht N."]

1. e4 c5 2. Nf3 d6 3. d4 cxd4 4. Nxd4 Nf6 5. Bd3 g6 6. f3 Bg7 7. Be3 O-O 8. Qd2
Nc6 9. Nc3 Bd7 10. O-O-O Rc8 11. Be2 Qa5 12. Nb3 Qd8 13. Kb1 a5 14. g4 Ne5 15.
h4 h5 16. g5 Ne8 17. Nd5 Be6 18. Bb6 Qd7 19. Qxa5 Bxd5 20. Rxd5 Qc6 21. Nd4 Qd7
22. Bb5 Nc6 23. Qa4 e6 24. Bxc6 bxc6 25. Ra5 Bxd4 26. Ra7 Rc7 27. Rxc7 Nxc7 28.
Qxd4 Rb8 29. c4 e5 30. Qf2 Ne6 31. Rd1 c5 32. Bxc5 Nxc5 33. Qxc5 Qb7 34. Qa3
Qb6 35. b3 Qf2 36. Qxd6 Rf8 37. Qf6 Qe2 38. Rd5 Qe1+ 39. Kc2 Qe2+ 40. Rd2 Qe1
41. Qxe5 Qxh4 42. c5 Ra8 43. Kb2 Qe1 44. Qd5 Rf8 45. c6 Qg3 46. e5 Qxg5 47. c7
h4 48. Qd8 Qxe5+ 49. Rd4 Qe2+ 50. Ka3 Qa6+ 51. Ra4 Qc6 52. Rc4 Qa8+ 53. Qxa8
Rxa8+ 54. Kb4 Rc8 55. Kb5 h3 56. Kb6 h2 57. Rh4 1-0

[Event "Kreis-Mitte-EM"]
[Site "Zirndorf"]
[Date "2015.01.03"]
[Round "3.12"]
[White "Babichev, Vyacheslav"]
[Black "Dreiseitel, Ursula"]
[Result "1-0"]
[WhiteElo "1699"]
[BlackElo "1356"]
[PlyCount "73"]
[EventDate "2015.??.??"]
[WhiteTeam "SW Nürnberg Süd"]
[BlackTeam "SC N-T Nürnberg"]

1. e4 e6 2. d4 d5 3. Nc3 Nf6 4. e5 Nfd7 5. Qg4 g6 6. Bg5 Be7 7. Bh6 a6 8. Bg7
h5 9. Qf3 Rh7 10. Bf6 Bxf6 11. exf6 Qxf6 12. Qe3 Qe7 13. f4 f5 14. Nf3 Nf6 15.
h3 Nc6 16. O-O-O Bd7 17. Ne5 Nxe5 18. dxe5 Ne4 19. Nxe4 fxe4 20. h4 c5 21. c4
Bc6 22. Qb3 d4 23. Qb6 e3 24. Rh2 Qc7 25. Qxc5 Rd8 26. Rxd4 Rxd4 27. Qxd4 Rd7
28. Qxe3 Qa5 29. a3 Qa4 30. Bd3 Kf7 31. Rh1 Qa5 32. Qg3 Be4 33. Bxe4 Qd2+ 34.
Kb1 Qe2 35. Qxg6+ Ke7 36. Qf6+ Ke8 37. Bg6+ 1-0

[Event "Kreis-Mitte-EM"]
[Site "Zirndorf"]
[Date "2015.01.03"]
[Round "3.13"]
[White "Nüßlein, Christian"]
[Black "Pörzgen, Michael"]
[Result "1/2-1/2"]
[WhiteElo "1661"]
[BlackElo "1606"]
[PlyCount "46"]
[EventDate "2015.??.??"]
[WhiteTeam "SGem Nürnberg 1978"]
[BlackTeam "SW Nürnberg Süd"]

1. e4 d5 2. exd5 Nf6 3. c4 c6 4. dxc6 Nxc6 5. Nf3 Bf5 6. d4 e6 7. a3 Bd6 8. Bd3
Bxd3 9. Qxd3 Bc5 10. Be3 Bxd4 11. Nxd4 e5 12. O-O exd4 13. Bg5 O-O 14. Nd2 Re8
15. Rae1 Qd6 16. Bxf6 Qxf6 17. Nf3 Ne5 18. Nxe5 Rxe5 19. Rd1 Rd8 20. b4 b6 21.
Rd2 Qe6 22. h3 g6 23. Rc2 Qd6 1/2-1/2

[Event "Kreis-Mitte-EM"]
[Site "Zirndorf"]
[Date "2015.01.03"]
[Round "3.14"]
[White "Nagel, Felix"]
[Black "Hüseinov, Sebaydin"]
[Result "1/2-1/2"]
[WhiteElo "1626"]
[BlackElo "1630"]
[PlyCount "55"]
[EventDate "2015.??.??"]
[WhiteTeam "SC Anderssen Nbg."]
[BlackTeam "Zabo-Eintracht N."]

1. d4 d5 2. c4 e6 3. Nc3 dxc4 4. e3 Nf6 5. Bxc4 Bb4 6. Bd2 O-O 7. Nf3 c5 8. O-O
cxd4 9. exd4 Nc6 10. Bg5 Be7 11. Rc1 a6 12. Bxf6 Bxf6 13. d5 exd5 14. Qxd5 Qb6
15. Rfe1 Be6 16. Rxe6 fxe6 17. Qxe6+ Kh8 18. Nd5 Qxb2 19. Re1 Nd4 20. Qh3 Nxf3+
21. gxf3 Qd2 22. Re4 b5 23. Nf4 bxc4 24. Ng6+ Kg8 25. Qe6+ Rf7 26. Qe8+ Rf8 27.
Qe6+ Rf7 28. Qe8+ 1/2-1/2

[Event "Kreis-Mitte-EM"]
[Site "Zirndorf"]
[Date "2015.01.03"]
[Round "4.1"]
[White "Wirth, Karl-Heinz"]
[Black "Strobel, Norbert"]
[Result "0-1"]
[WhiteElo "1788"]
[BlackElo "1948"]
[PlyCount "52"]
[EventDate "2015.??.??"]
[WhiteTeam "SC Mühlhof-R'dorf"]
[BlackTeam "SK Zirndorf"]

1. e4 c6 2. d4 d5 3. Nc3 dxe4 4. f3 exf3 5. Nxf3 Bg4 6. Bc4 e6 7. O-O Nf6 8.
Bg5 Nbd7 9. Qd2 Bxf3 10. Rxf3 Qa5 11. Bh4 O-O-O 12. Bg3 Nb6 13. Bb3 c5 14. Qe2
cxd4 15. Nb5 Nbd5 16. Qc4+ Kd7 17. Ba4 Bb4 18. b3 Ke7 19. a3 a6 20. axb4 Qxb4
21. Qxb4+ Nxb4 22. Na3 b5 23. Bxb5 axb5 24. Nxb5 Rd7 25. Be5 Nxc2 26. Rd3 Nxa1
0-1

[Event "Kreis-Mitte-EM"]
[Site "Zirndorf"]
[Date "2015.01.03"]
[Round "4.2"]
[White "Luther, Helmut"]
[Black "Süß, Stefan"]
[Result "1-0"]
[WhiteElo "1949"]
[BlackElo "2004"]
[PlyCount "129"]
[EventDate "2015.??.??"]
[WhiteTeam "SW Nürnberg Süd"]
[BlackTeam "SC N-T Nürnberg"]

1. d4 Nf6 2. Nf3 e6 3. Bg5 Be7 4. e3 b6 5. Bd3 Bb7 6. Nbd2 c5 7. O-O d5 8. c3
Nbd7 9. Ne5 Nxe5 10. dxe5 Nd7 11. Bxe7 Qxe7 12. f4 f6 13. exf6 gxf6 14. e4 c4
15. Bc2 O-O-O 16. exd5 Rhg8 17. Qe2 Qc5+ 18. Kh1 exd5 19. Nf3 Rde8 20. Qf2 d4
21. cxd4 Qh5 22. Rae1 Bxf3 23. Qxf3 Qxf3 24. gxf3 h5 25. Bf5 Kc7 26. Re4 b5 27.
Rfe1 Rxe4 28. fxe4 Kd6 29. e5+ fxe5 30. fxe5+ Ke7 31. h4 Nb6 32. Rg1 Rd8 33.
Rg7+ Kf8 34. Rxa7 Rxd4 35. Rb7 Rxh4+ 36. Kg2 Nd5 37. Kg3 Rf4 38. Rxb5 h4+ 39.
Kh3 Rxf5 40. Rxd5 Ke7 41. Kxh4 Ke6 42. Kg4 Rf2 43. Rb5 Rf1 44. a4 Kd7 45. a5
Rb1 46. Rb4 Ra1 47. Rxc4 Rxa5 48. Kf5 Rb5 49. Rc2 Ke7 50. Rh2 Rb6 51. Ke4 Rb4+
52. Kd5 Rb5+ 53. Kd4 Ke6 54. Re2 Rb7 55. Kc5 Rc7+ 56. Kb6 Rc8 57. b4 Rb8+ 58.
Kc5 Rc8+ 59. Kd4 Rb8 60. Kc4 Rc8+ 61. Kb3 Rb8 62. Re1 Rb7 63. Ka4 Kd5 64. e6
Kc4 65. Re4+ 1-0

[Event "Kreis-Mitte-EM"]
[Site "Zirndorf"]
[Date "2015.01.03"]
[Round "4.3"]
[White "Leis, Stefan"]
[Black "Siegl, Adrian"]
[Result "1-0"]
[WhiteElo "1904"]
[BlackElo "1814"]
[PlyCount "81"]
[EventDate "2015.??.??"]
[WhiteTeam "SC Mühlhof-R'dorf"]
[BlackTeam "SW Nürnberg Süd"]

1. d4 d5 2. e4 dxe4 3. Nc3 e5 4. Nxe4 exd4 5. Nf3 Nc6 6. Bb5 Bd7 7. O-O Nge7 8.
Re1 a6 9. Bc4 Na5 10. Bf1 Be6 11. Nxd4 Nec6 12. Nxe6 Qxd1 13. Nxc7+ Kd7 14.
Rxd1+ Kxc7 15. Bf4+ Kb6 16. a3 Re8 17. f3 Ne5 18. Nd6 Bxd6 19. Rxd6+ Nac6 20.
Rad1 f6 21. c4 Rd8 22. Rxd8 Rxd8 23. Rxd8 Nxd8 24. b4 Ne6 25. Be3+ Kc6 26. f4
Ng4 27. Bc1 f5 28. Be2 Nd4 29. Bd1 b6 30. h3 Nf6 31. Be3 Ne6 32. Bf3+ Ne4 33.
Bxe4+ fxe4 34. f5 Nd8 35. Kf2 Nf7 36. Bf4 Nd6 37. Bxd6 Kxd6 38. g4 Ke5 39. Ke3
h6 40. h4 a5 41. c5 1-0

[Event "Kreis-Mitte-EM"]
[Site "Zirndorf"]
[Date "2015.01.03"]
[Round "4.4"]
[White "Diebel, Günter"]
[Black "Rausch, Wolfgang sr"]
[Result "0-1"]
[WhiteElo "1690"]
[BlackElo "1886"]
[PlyCount "62"]
[EventDate "2015.??.??"]
[WhiteTeam "SW Nürnberg Süd"]
[BlackTeam "SW Nürnberg Süd"]

1. e4 d6 2. d4 Nf6 3. Bd3 e5 4. d5 c6 5. c4 Be7 6. Ne2 cxd5 7. cxd5 Na6 8. O-O
Nc5 9. Nbc3 Nxd3 10. Qxd3 O-O 11. Kh1 Nd7 12. f4 f5 13. exf5 Nc5 14. Qe3 Rxf5
15. Ng3 exf4 16. Rxf4 Re5 17. Qf3 Bg5 18. Rd4 Re1+ 19. Nf1 Rxc1 20. Rxc1 Bxc1
21. b4 Nd7 22. Qh5 Nf6 23. Qf3 Bd7 24. Ne4 Nxe4 25. Rxe4 Qf8 26. Qd1 Bf4 27. g3
Be5 28. Nd2 Qf5 29. Qe2 Rc8 30. g4 Qf7 31. Nc4 Qxd5 0-1

[Event "Kreis-Mitte-EM"]
[Site "Zirndorf"]
[Date "2015.01.03"]
[Round "4.5"]
[White "Thürauf, Peter"]
[Black "Schanz, Karlheinz"]
[Result "1/2-1/2"]
[WhiteElo "1761"]
[BlackElo "1755"]
[PlyCount "33"]
[EventDate "2015.??.??"]
[WhiteTeam "SW Nürnberg Süd"]
[BlackTeam "SC Mühlhof-R'dorf"]

1. Nf3 Nf6 2. d4 d5 3. c4 c6 4. cxd5 cxd5 5. Nc3 Nc6 6. Bf4 a6 7. e3 Bf5 8. Bd3
Bxd3 9. Qxd3 e6 10. O-O Be7 11. Rac1 O-O 12. Ne5 Nxe5 13. Bxe5 Nd7 14. Bg3 Nb6
15. e4 Bd6 16. Bxd6 Qxd6 17. e5 1/2-1/2

[Event "Kreis-Mitte-EM"]
[Site "Zirndorf"]
[Date "2015.01.03"]
[Round "4.6"]
[White "Schöne, Steffen"]
[Black "Walch, Roger"]
[Result "0-1"]
[WhiteElo "1748"]
[BlackElo "1686"]
[PlyCount "74"]
[EventDate "2015.??.??"]
[WhiteTeam "Zabo-Eintracht N."]
[BlackTeam "SW Nürnberg Süd"]

1. Nf3 Nf6 2. c4 e6 3. Nc3 c5 4. b3 g6 5. Bb2 Bg7 6. Ne4 d6 7. Nxf6+ Bxf6 8.
Qc2 Nc6 9. Rc1 O-O 10. g4 Rb8 11. h4 e5 12. g5 Bg7 13. e3 Qe7 14. d3 f5 15. Nd2
f4 16. Bg2 Nb4 17. Qb1 fxe3 18. fxe3 Bf5 19. Ne4 d5 20. Nf6+ Bxf6 21. gxf6 Qxf6
22. Rf1 Qxh4+ 23. Kd1 Bxd3 24. Bxd5+ Nxd5 25. Rxf8+ Rxf8 26. Qxd3 Qh1+ 27. Kc2
Nb4+ 28. Kc3 Qxc1+ 29. Bxc1 Nxd3 30. Kxd3 Kf7 31. Ke4 Ke6 32. Ba3 b6 33. b4
cxb4 34. Bxb4 Rc8 35. Kd3 h5 36. e4 h4 37. Bc3 h3 0-1